000 01152nam a2200229Ia 4500
999 _c40234
_d40234
001 6842
003 GE_BSU
005 20200210121714.0
008 181216s1990||||ge |||||||||||||| ||geo||
020 _a5505014879
040 _cGE_BSU
041 _ageo
080 _a82-93:821+94(479.22) გ-59
100 _aგოგებაშვილი, იაკობ.
_96938
245 _aასპინძის ომი :
_bისტორიული ამბავი მოზრდილი ყმაწვილებისთვის დაწერილი იაკობ გოგებაშვილის მიერ მეფე ერეკლეს პორტრეტით და ქარტით /
_cიაკობ გოგებაშვილი ; რედ. ნ. თუხარელი.
264 _aთბილისი :
_bგანათლება,
_c1990.
300 _a31 გვ. ;
_c13 სმ.
653 _aასპინძის ომი
653 _aისტორიული ამბავი
700 _aთუხარელი, ნ.
_eრედაქტორი
_9303
942 _cBK
_2udc